00414nam a22001097a 4500003000400000082001800004100001700022245019500039260004500234300000800279650001700287SGT a617.643bI25D aDagar, Tanvi aAn In-Vitro antimicrobial evaluation of conventional recycled and self-ligating brackets coated with nitrogen doped zinc oxide nanoparticles against streptococcus mutans and candida albicans aGurugram, HaryanabSGT University c2025 a179 aOrthodontics